000 01358cam a22003494a 4500
001 13140451
003 NUST
005 20220411104932.0
008 030328s2004 nyua b 001 0 eng
010 _a 2003048688
020 _a0195167074
038 _awaseem
040 _aDLC
_cDLC
_dDLC
042 _apcc
050 0 0 _aBF637.C45
_bA33 2004
082 0 0 _a302.2
_bADL
100 1 _aAdler, Ronald B.
_q(Ronald Brian),
_d1946-
_990868
245 1 0 _aInterplay :
_bthe process of interpersonal communication /
_cRonald B. Adler, Lawrence B. Rosenfeld, Russell F. Proctor II.
250 _a9th ed.
260 _aNew York :
_bOxford University Press,
_c2004.
300 _axiv, 443 p. :
_bill. (some col.) ;
_c24 cm.
504 _aIncludes bibliographical references (p. 384-417) and indexes.
563 _aPBK.
650 0 _aInterpersonal communication.
_94420
700 1 _aRosenfeld, Lawrence B.
_990869
700 1 _aProctor, Russell F.
_990870
856 4 2 _3Publisher description
_uhttp://www.loc.gov/catdir/enhancements/fy0614/2003048688-d.html
856 4 1 _3Table of contents only
_uhttp://www.loc.gov/catdir/enhancements/fy0614/2003048688-t.html
906 _a7
_bcbc
_corignew
_d1
_eocip
_f20
_gy-gencatlg
942 _2ddc
_cBK
999 _c589077
_d589077